| Tag |
First Indicator |
Second Indicator |
Subfields |
| LEADER |
00000cam a2200000 a 4500 |
| 001 |
in00000024006 |
| 005 |
20151007055615.0 |
| 008 |
861006s1987 nyuaf 00110beng |
| 010 |
|
|
|a 86024720
|
| 020 |
|
|
|a 0531150321
|
| 035 |
|
|
|a (OCoLC)14411736
|
| 035 |
|
|
|9 AAB8706AM
|
| 040 |
|
|
|a DLC
|c DLC
|d m/c
|d OCL
|d TXA
|d UtOrBLW
|
| 049 |
|
|
|a TXAM
|c [A10206524]
|
| 050 |
0 |
0 |
|a PN1992.4.L39
|b L3 1987
|
| 082 |
0 |
|
|a 791.45/092/4
|a B
|2 19
|
| 100 |
1 |
|
|a Latham, Caroline.
|
| 245 |
1 |
4 |
|a The David Letterman story /
|c Caroline Latham.
|
| 264 |
|
1 |
|a New York :
|b F. Watts,
|c 1987.
|
| 300 |
|
|
|a 214 pages, 8 unnumbered pages of plates :
|b illustrations ;
|c 24 cm.
|
| 336 |
|
|
|a text
|b txt
|2 rdacontent
|
| 337 |
|
|
|a unmediated
|b n
|2 rdamedia
|
| 338 |
|
|
|a volume
|b nc
|2 rdacarrier
|
| 600 |
1 |
0 |
|a Letterman, David.
|
| 650 |
|
0 |
|a Television personalities
|z United States
|v Biography.
|
| 650 |
|
0 |
|a Comedians
|z United States
|v Biography.
|
| 999 |
|
|
|a MARS
|
| 999 |
f |
f |
|s 38423bca-948b-3188-ac2b-bcbf2c9db269
|i 35eee6fc-07d9-3250-a4ac-a6972783c163
|t 0
|
| 952 |
f |
f |
|p normal
|a Texas A&M University
|b College Station
|c Sterling C. Evans Library
|d Evans: Library Stacks
|t 0
|e PN1992.4.L39 L3 1987
|h Library of Congress classification
|i unmediated -- volume
|m A14824918858
|
| 998 |
f |
f |
|a PN1992.4.L39 L3 1987
|t 0
|l Evans: Library Stacks
|